[Event "14th Ugra Governor's Cup"]
[Site "Khanty-Mansiysk RUS"]
[Date "2018.11.18"]
[Round "2.9"]
[White "Bocharov, Dmitry"]
[Black "Martynyuk, Elizaveta"]
[Result "1-0"]
[WhiteTitle "GM"]
[BlackTitle "FM"]
[WhiteElo "2557"]
[BlackElo "2057"]
[WhiteFideId "4138716"]
[BlackFideId "24128511"]
[EventDate "2018.11.17"]

1. c4 c5 2. g3 g6 3. Bg2 Bg7 4. Nc3 Nc6 5. a3 d6 6. Rb1 e6 7. b4 Nge7 8. e3 O-O
9. Nge2 Rb8 10. O-O b6 11. Qb3 Bb7 12. Bb2 Qd7 13. Ne4 f5 14. Bxg7 Kxg7 15. Qb2+
Ne5 16. f4 Bxe4 17. Bxe4 fxe4 18. fxe5 d5 19. Rxf8 Rxf8 20. bxc5 dxc4 21. cxb6
axb6 22. Nf4 Nd5 23. Qb5 Qf7 24. Qc6 Kh6 25. Qxe6 Nxf4 26. Qxf7 Nh3+ 27. Kg2
Rxf7 28. Kxh3 Rd7 29. e6 Rd6 30. e7 Re6 31. Rxb6 Rxe7 32. Rc6 Rd7 33. Rxc4 Rxd2
34. Rxe4 Ra2 35. a4 Kg5 36. g4 h5 37. gxh5 gxh5 38. Kg3 Re2 39. h4+ Kf5 40. Kf3
Ra2 41. Rb4 Ra3 42. Rb5+ Kg6 43. a5 Kh6 44. Rb6+ Kg7 45. a6 1-0

[Event "14th Ugra Governor's Cup"]
[Site "Khanty-Mansiysk RUS"]
[Date "2018.11.18"]
[Round "2.10"]
[White "Maltsevskaya, Aleksandra"]
[Black "Drygalov, Andrey"]
[Result "0-1"]
[WhiteTitle "WGM"]
[BlackTitle "IM"]
[WhiteElo "2301"]
[BlackElo "2497"]
[WhiteFideId "24174041"]
[BlackFideId "24171735"]
[EventDate "2018.11.17"]

1. d4 Nf6 2. Nf3 g6 3. g3 d5 4. Bg2 Bg7 5. O-O O-O 6. c4 c6 7. Qb3 dxc4 8. Qxc4
Bf5 9. Nc3 Nbd7 10. Re1 Ne4 11. e3 Qb6 12. Nh4 Be6 13. Qe2 Nxc3 14. bxc3 Qa5 15.
Bd2 Nb6 16. Reb1 Bc4 17. Qd1 e5 18. Nf3 Rad8 19. a4 Rd7 20. Be1 Qa6 21. Nd2 Be2
22. Qc1 Rc7 23. Ne4 Nd7 24. Qd2 Bd3 25. Rd1 Bc4 26. Nd6 Be6 27. Rdb1 Nb6 28. Qd1
Nc4 29. Nxc4 Bxc4 30. Qc1 Rd8 31. a5 exd4 32. exd4 Bd3 33. Rb2 Qc4 34. Qf4 Re7
35. Bd2 Rde8 36. h4 h5 37. Rb4 Qa6 38. Be3 Rd7 39. Bh3 Rde7 40. Bg2 Rd8 41. Rd1
Bf5 42. Ra1 Qd3 43. Rb3 Qc4 44. Raa3 a6 45. Rb4 Qe2 46. Qf3 Qe1+ 47. Kh2 Rde8
48. Rb2 Bg4 49. Qf4 Be6 50. Bd2 Qe2 51. Bf3 Qxf2+ 52. Bg2 Qxf4 53. Bxf4 Bc8 54.
Raa2 Re1 55. Rf2 Rb1 56. Rab2 Rxb2 57. Rxb2 Re1 58. Rd2 Ra1 59. Re2 Be6 60. Rb2
Ra2 61. Rxa2 Bxa2 62. Bh3 Be6 63. Bg2 Bf6 64. Bd6 Bd8 65. Bb4 Bc7 66. Bf1 f6 67.
c4 g5 68. hxg5 fxg5 69. Kg2 h4 70. gxh4 gxh4 71. Be2 h3+ 72. Kf2 Kf7 73. d5 cxd5
74. Bf3 d4 75. c5 Bc8 76. Ke2 Kf6 77. Be1 Kf5 78. Kd3 Be5 79. Bd2 h2 80. Bh1 Kg4
81. Ke4 Bg7 82. Bf4 Bf5+ 0-1

[Event "14th Ugra Governor's Cup"]
[Site "Khanty-Mansiysk RUS"]
[Date "2018.11.19"]
[Round "3.1"]
[White "Predke, Alexandr"]
[Black "Ponkratov, Pavel"]
[Result "1/2-1/2"]
[WhiteTitle "GM"]
[BlackTitle "GM"]
[WhiteElo "2604"]
[BlackElo "2628"]
[WhiteFideId "24107581"]
[BlackFideId "4157800"]
[EventDate "2018.11.17"]

1. e4 e5 2. Nf3 Nf6 3. d4 Nxe4 4. dxe5 Bc5 5. Bc4 Nxf2 6. Bxf7+ Kxf7 7. Qd5+ Kg6
8. Qxc5 Nxh1 9. Nc3 h6 10. Qc4 Kh7 11. Qe4+ Kg8 12. Nd5 Nc6 13. Qc4 Kf8 14. Qf4+
Kg8 15. Qc4 Kf8 16. Qf4+ Kg8 17. Qc4 Kf8 1/2-1/2

[Event "14th Ugra Governor's Cup"]
[Site "Khanty-Mansiysk RUS"]
[Date "2018.11.19"]
[Round "3.2"]
[White "Sjugirov, Sanan"]
[Black "Potapov, Pavel"]
[Result "1-0"]
[WhiteTitle "GM"]
[BlackTitle "GM"]
[WhiteElo "2654"]
[BlackElo "2515"]
[WhiteFideId "4189302"]
[BlackFideId "4169786"]
[EventDate "2018.11.17"]

1. d4 Nf6 2. c4 e6 3. g3 Bb4+ 4. Bd2 Be7 5. Bg2 d5 6. Nf3 O-O 7. O-O b6 8. cxd5
exd5 9. Nc3 Bb7 10. Qb3 Nc6 11. Rfd1 h6 12. Bf4 Na5 13. Qc2 Nc4 14. Rac1 c6 15.
Ne5 Nd6 16. Qa4 b5 17. Qc2 Qb6 18. Nb1 Rac8 19. Nd2 a5 20. Nb3 Nde4 21. Bxe4
dxe4 22. Nc5 Rfe8 23. Qb3 Nd5 24. Nxe4 Qd8 25. Qf3 f6 26. Nd3 b4 27. Nec5 Bxc5
28. Nxc5 Qe7 29. a3 Rcd8 30. axb4 axb4 31. e4 Nxf4 32. Qxf4 Bc8 33. Kg2 f5 34.
exf5 Qf7 35. g4 h5 36. h3 Re2 37. b3 Rde8 38. Rd3 Rb2 39. Re3 Qd5+ 40. Kg3 Rf8
41. Qe4 Qd8 42. Ne6 Bxe6 43. Qxe6+ Kh8 44. Qe5 Rd2 45. Rxc6 Qxd4 46. Rh6+ Kg8
47. Qxd4 Rxd4 48. Rxh5 Rc8 49. Rg5 1-0

[Event "14th Ugra Governor's Cup"]
[Site "Khanty-Mansiysk RUS"]
[Date "2018.11.19"]
[Round "3.3"]
[White "Iljiushenok, Ilia"]
[Black "Rakhmanov, Aleksandr"]
[Result "1/2-1/2"]
[WhiteTitle "GM"]
[BlackTitle "GM"]
[WhiteElo "2539"]
[BlackElo "2634"]
[WhiteFideId "24105074"]
[BlackFideId "4173708"]
[EventDate "2018.11.17"]

1. e4 e5 2. Nf3 Nf6 3. Nxe5 d6 4. Nf3 Nxe4 5. Nc3 Nxc3 6. dxc3 Be7 7. Be3 Nc6 8.
Qd2 Be6 9. O-O-O Qd7 10. Kb1 Bf6 11. h3 h6 12. Rg1 O-O-O 13. Nd4 a6 14. Nxe6
fxe6 15. Be2 d5 16. Rge1 Qf7 17. f4 Rhe8 18. Bf2 g5 19. Bg4 h5 20. Bf3 gxf4 21.
Qxf4 Qg6 22. Bxh5 Qxh5 23. Qxf6 Rd7 24. Be3 Rg8 25. Rd2 Rg6 26. Qf1 Ne5 27. Rf2
b5 28. Rf8+ Kb7 29. b3 Nc6 30. a4 bxa4 31. Ra8 Kxa8 32. Qxa6+ Kb8 33. Qb5+ Kc8
34. Qxc6 Rd6 35. Qa8+ Kd7 36. Qxa4+ Rc6 37. Bc1 Rxg2 38. Rxe6 Kxe6 39. Qxc6+ Kf7
40. Qxc7+ Kg8 41. c4 dxc4 42. Qxc4+ Qf7 43. Qxf7+ Kxf7 44. h4 Rh2 45. Bg5 Ke6
46. Kb2 Kd5 47. Kc3 Rg2 48. Bd8 Rh2 49. Be7 Re2 50. Bg5 Rg2 51. Kb2 Rh2 52. Kc1
Rh1+ 53. Kd2 Rh2+ 54. Kc3 1/2-1/2

[Event "14th Ugra Governor's Cup"]
[Site "Khanty-Mansiysk RUS"]
[Date "2018.11.19"]
[Round "3.4"]
[White "Sarana, Alexey"]
[Black "Rozum, Ivan"]
[Result "1/2-1/2"]
[WhiteTitle "GM"]
[BlackTitle "GM"]
[WhiteElo "2631"]
[BlackElo "2573"]
[WhiteFideId "24133795"]
[BlackFideId "24104272"]
[EventDate "2018.11.17"]

1. e4 c6 2. d4 d5 3. e5 Bf5 4. Nf3 e6 5. Be2 c5 6. Be3 Qb6 7. Nc3 Nc6 8. O-O
Qxb2 9. Qe1 cxd4 10. Bxd4 Nxd4 11. Nxd4 Bb4 12. Ndb5 Ba5 13. Rb1 Qxc2 14. Rc1
Qb2 15. Na4 Bxe1 16. Nxb2 Ba5 17. Nd6+ Ke7 18. Nxb7 Bd8 19. Nxd8 Kxd8 20. Rfd1
Nh6 21. Nc4 f6 22. f4 Bg4 23. Bxg4 Nxg4 24. h3 Nh6 25. Nd6 Kd7 26. Rc3 fxe5 27.
fxe5 Rhd8 28. g4 Ke7 29. Rc7+ Rd7 30. Rxd7+ Kxd7 31. Rb1 Kc6 32. Rb7 Rg8 33.
Rxa7 Kc5 34. Re7 d4 35. Rxe6 d3 36. Kf2 Kd4 37. Nb5+ Ke4 38. Rd6 Rf8+ 39. Kg2
Nf7 40. Rd4+ Ke3 41. e6 Ne5 42. Rd6 Rf2+ 43. Kg3 Rf3+ 44. Kg2 Rf2+ 1/2-1/2

[Event "14th Ugra Governor's Cup"]
[Site "Khanty-Mansiysk RUS"]
[Date "2018.11.19"]
[Round "3.5"]
[White "Volkov, Sergey"]
[Black "Timofeev, Artyom"]
[Result "1/2-1/2"]
[WhiteTitle "GM"]
[BlackTitle "GM"]
[WhiteElo "2568"]
[BlackElo "2580"]
[WhiteFideId "4122763"]
[BlackFideId "4140419"]
[EventDate "2018.11.17"]

1. d4 d5 2. c4 e6 3. Nc3 Be7 4. Nf3 Nf6 5. Bg5 O-O 6. e3 Ne4 7. Bxe7 Qxe7 8. Rc1
Nxc3 9. Rxc3 c6 10. Qc2 Nd7 11. Bd3 h6 12. cxd5 exd5 13. O-O Nf6 14. Nd2 Ne8 15.
Rb1 Nd6 16. b4 Be6 17. a4 a6 18. Nb3 g6 19. Nc5 Bf5 20. Bxf5 Nxf5 21. b5 axb5
22. axb5 Nd6 23. bxc6 bxc6 24. Rcb3 Ra7 25. g3 Kg7 26. Nd3 Nc4 27. Ne5 Nxe5 28.
dxe5 Qxe5 29. Qxc6 Rfa8 30. Qc3 Qxc3 31. Rxc3 Ra1 32. Rxa1 Rxa1+ 33. Kg2 Kf6 34.
Rc6+ Ke7 35. g4 Ra4 36. Kg3 d4 37. exd4 Rxd4 38. h4 Kf8 39. f3 Kg7 40. Rb6 Ra4 1/2-1/2

[Event "14th Ugra Governor's Cup"]
[Site "Khanty-Mansiysk RUS"]
[Date "2018.11.19"]
[Round "3.6"]
[White "Pridorozhni, Aleksei"]
[Black "Lugovskoy, Maxim"]
[Result "1/2-1/2"]
[WhiteTitle "GM"]
[BlackTitle "GM"]
[WhiteElo "2574"]
[BlackElo "2428"]
[WhiteFideId "4127870"]
[BlackFideId "24126454"]
[EventDate "2018.11.17"]

1. e4 e6 2. Nf3 d5 3. e5 c5 4. b4 cxb4 5. a3 Nc6 6. axb4 Bxb4 7. c3 Be7 8. d4
Bd7 9. Bd3 Rc8 10. O-O Nh6 11. Bxh6 gxh6 12. Qd2 Bf8 13. Na3 a6 14. Nc2 Na7 15.
Ne3 Bb5 16. Rfc1 Bxd3 17. Qxd3 Nb5 18. Nd2 Bg7 19. f4 O-O 20. f5 f6 21. Nf3 fxe5
22. dxe5 exf5 23. Nxf5 Kh8 24. Rc2 Bxe5 25. Nxe5 Qf6 26. Nd4 Qxe5 27. Nxb5 axb5
28. Rd1 Rc4 29. Qxd5 Qxd5 30. Rxd5 b4 31. Rb5 Rxc3 32. Rxc3 bxc3 33. Rxb7 Rc8
34. Rb1 h5 35. Rc1 Kg7 36. Kf2 Kf6 37. Ke3 Kf5 38. Kd3 Kf4 39. Rxc3 Rxc3+ 40.
Kxc3 Ke3 41. h4 Kf2 42. Kd2 1/2-1/2

[Event "14th Ugra Governor's Cup"]
[Site "Khanty-Mansiysk RUS"]
[Date "2018.11.19"]
[Round "3.7"]
[White "Savitskiy, Sergey"]
[Black "Bocharov, Dmitry"]
[Result "1-0"]
[WhiteTitle "IM"]
[BlackTitle "GM"]
[WhiteElo "2413"]
[BlackElo "2557"]
[WhiteFideId "24105660"]
[BlackFideId "4138716"]
[EventDate "2018.11.17"]

1. e4 c5 2. Nf3 d6 3. d4 cxd4 4. Nxd4 Nf6 5. Nc3 a6 6. Bg5 Nbd7 7. Qe2 e6 8. f4
Qc7 9. O-O-O b5 10. a3 Bb7 11. g3 Be7 12. Bg2 O-O 13. Kb1 Nb6 14. Rd3 Rab8 15.
g4 Ba8 16. f5 e5 17. Bxf6 Bxf6 18. Nb3 Bh4 19. Rh3 Bg5 20. Rd3 Nc4 21. h4 Bf4
22. f6 a5 23. Nd5 Bxd5 24. exd5 a4 25. Be4 b4 26. g5 g6 27. h5 axb3 28. cxb3
bxa3 29. hxg6 fxg6 30. Bxg6 hxg6 31. Qe4 Qf7 32. Rh6 1-0

[Event "14th Ugra Governor's Cup"]
[Site "Khanty-Mansiysk RUS"]
[Date "2018.11.19"]
[Round "3.8"]
[White "Drygalov, Andrey"]
[Black "Svetlov, Dmitry"]
[Result "1/2-1/2"]
[WhiteTitle "IM"]
[BlackTitle "IM"]
[WhiteElo "2497"]
[BlackElo "2384"]
[WhiteFideId "24171735"]
[BlackFideId "24102610"]
[EventDate "2018.11.17"]

1. d4 d5 2. c4 c6 3. Nf3 Nf6 4. e3 e6 5. Nc3 Nbd7 6. Qc2 Bd6 7. Bd3 dxc4 8. Bxc4
b5 9. Be2 Bb7 10. O-O O-O 11. Rd1 Qe7 12. e4 e5 13. dxe5 Nxe5 14. Nd4 Bc5 15.
Nf5 Qc7 16. Be3 Bxe3 17. Nxe3 Rac8 18. Rac1 a6 19. Ncd5 Qd8 20. Nxf6+ Qxf6 21.
Qc5 Rcd8 22. Nf5 g6 23. Rd6 Rxd6 24. Qxd6 Qe6 25. Qxe6 fxe6 26. Nd4 Rd8 27. Nb3
Kf8 28. f4 Nd7 29. Bg4 c5 30. Nxc5 Nxc5 31. Rxc5 Bxe4 32. Re5 Bf5 33. Bxf5 exf5
34. Re2 Kf7 35. Kf2 Rd4 36. g3 h6 37. Rc2 g5 38. fxg5 hxg5 39. Ke3 Rd6 40. Rc8
Kf6 41. Rf8+ Ke5 42. Re8+ 1/2-1/2

[Event "14th Ugra Governor's Cup"]
[Site "Khanty-Mansiysk RUS"]
[Date "2018.11.19"]
[Round "3.9"]
[White "Shoboev, Dandar"]
[Black "Kabanov, Nikolai"]
[Result "0-1"]
[BlackTitle "GM"]
[WhiteElo "2226"]
[BlackElo "2481"]
[WhiteFideId "44197012"]
[BlackFideId "4127820"]
[EventDate "2018.11.17"]

1. d4 d6 2. c4 Nf6 3. Nc3 Nbd7 4. Nf3 e5 5. g3 c6 6. Bg2 e4 7. Nd2 d5 8. e3 Nb6
9. c5 Nbd7 10. b4 b6 11. Rb1 a5 12. a3 axb4 13. axb4 Ba6 14. Bb2 bxc5 15. bxc5
h5 16. h3 g6 17. Ra1 Bh6 18. Qa4 Qc7 19. Bf1 Bb7 20. Qc2 Rxa1+ 21. Bxa1 O-O 22.
Nb3 h4 23. gxh4 Nh5 24. Be2 Ndf6 25. Kd2 Ra8 26. Bb2 Ng7 27. Qd1 Bc8 28. Kc2 Nf5
29. Bc1 Nxh4 30. Bd2 Bf5 31. Qg1 Nf3 32. Qg3 Qb7 33. Rb1 Nh5 34. Qg2 Qd7 35. Rh1
Nf4 36. Qg3 Nxe2 37. Nxe2 Ra2+ 38. Kc3 Qa7 39. Nec1 Rxd2 40. Nxd2 Qa5+ 41. Kb2
Qxd2+ 42. Ka3 Qa5+ 43. Kb2 Qb4+ 44. Ka2 Nd2 0-1

[Event "14th Ugra Governor's Cup"]
[Site "Khanty-Mansiysk RUS"]
[Date "2018.11.19"]
[Round "3.10"]
[White "Oganian, Miran"]
[Black "Mochalin, Faddey"]
[Result "1-0"]
[WhiteTitle "IM"]
[WhiteElo "2435"]
[BlackElo "2064"]
[WhiteFideId "4122488"]
[BlackFideId "34147290"]
[EventDate "2018.11.17"]

1. d4 d5 2. c4 c6 3. Nf3 Nf6 4. Qb3 dxc4 5. Qxc4 Bf5 6. g3 e6 7. Bg2 Nbd7 8. O-O
Be7 9. e3 O-O 10. Qe2 Qa5 11. Nfd2 e5 12. Nb3 Qc7 13. Nc3 a5 14. e4 Bg4 15. f3
a4 16. dxe5 Nxe5 17. Nd4 Bc5 18. Be3 Qb6 19. Nc2 Bxe3+ 20. Nxe3 Be6 21. Kh1 Rfd8
22. Rfd1 h6 23. Rxd8+ Qxd8 24. f4 Neg4 25. f5 Nxe3 26. Qxe3 Bc4 27. Qc5 b5 28.
e5 Nd5 29. Ne4 Qb6 30. Qxb6 Nxb6 31. Nd6 Bd5 32. Bxd5 Nxd5 33. Rc1 Ra6 34. a3
Kf8 35. Kg2 Ke7 36. Kf3 f6 37. Ke4 b4 38. Nc4 fxe5 39. Kxe5 Kd7 40. Kd4 bxa3 41.
bxa3 Kc7 42. Re1 Kd7 43. g4 Ra8 44. Re6 Ne7 45. Nb6+ 1-0

[Event "14th Ugra Governor's Cup"]
[Site "Khanty-Mansiysk RUS"]
[Date "2018.11.20"]
[Round "4.1"]
[White "Predke, Alexandr"]
[Black "Sjugirov, Sanan"]
[Result "1/2-1/2"]
[WhiteTitle "GM"]
[BlackTitle "GM"]
[WhiteElo "2604"]
[BlackElo "2654"]
[WhiteFideId "24107581"]
[BlackFideId "4189302"]
[EventDate "2018.11.17"]

1. e4 c6 2. d4 d5 3. e5 Bf5 4. Nf3 e6 5. Be2 c5 6. Be3 Qb6 7. Nc3 Nc6 8. O-O
Qxb2 9. Qe1 cxd4 10. Bxd4 Nxd4 11. Nxd4 Bb4 12. Ndb5 Ba5 13. Rb1 Qxc2 14. Rc1
Qb2 15. g4 Bg6 16. f4 Be4 17. Rf2 Kf8 18. Bd3 Qb4 19. Rb1 Qc5 20. Nxe4 dxe4 21.
Qxa5 exd3 22. Qd2 h5 23. g5 Ne7 24. Nd6 Rb8 25. Rb5 Qd4 26. Rb4 Qc5 27. Rb5 Qd4
28. Rb3 g6 29. Rxd3 Qb6 30. Rb3 Qc5 31. Rc3 Qb6 32. Rb3 Qc5 33. Rc3 Qb6 34. Rb3 1/2-1/2

[Event "14th Ugra Governor's Cup"]
[Site "Khanty-Mansiysk RUS"]
[Date "2018.11.20"]
[Round "4.2"]
[White "Rakhmanov, Aleksandr"]
[Black "Volkov, Sergey"]
[Result "1/2-1/2"]
[WhiteTitle "GM"]
[BlackTitle "GM"]
[WhiteElo "2634"]
[BlackElo "2568"]
[WhiteFideId "4173708"]
[BlackFideId "4122763"]
[EventDate "2018.11.17"]

1. d4 d5 2. c4 c6 3. Nf3 Nf6 4. Qb3 a5 5. e3 a4 6. Qc2 Bg4 7. Ne5 e6 8. Nxg4
Nxg4 9. Be2 Nf6 10. a3 Nbd7 11. Nc3 Qa5 12. Bd2 Qa7 13. cxd5 Nxd5 14. e4 Nxc3
15. Bxc3 Be7 16. Rd1 Nf6 17. d5 cxd5 18. exd5 Nxd5 19. Bxg7 Qa5+ 20. Kf1 Rg8 21.
Bd4 Nf4 22. g3 Qd5 23. f3 Nxe2 24. Kxe2 h5 25. Bc3 Qb5+ 26. Qd3 Rg5 27. Qxb5+
Rxb5 28. Rd3 Rb3 29. Rhd1 b5 30. g4 hxg4 31. fxg4 Rc8 32. Bd4 Rxd3 33. Kxd3 Rd8
34. Ke2 f5 35. h3 Kf7 36. Be5 Rxd1 37. Kxd1 b4 38. axb4 Bxb4 39. Ke2 Kg6 40. Kf3
a3 41. bxa3 1/2-1/2

[Event "14th Ugra Governor's Cup"]
[Site "Khanty-Mansiysk RUS"]
[Date "2018.11.20"]
[Round "4.3"]
[White "Kabanov, Nikolai"]
[Black "Sarana, Alexey"]
[Result "0-1"]
[WhiteTitle "GM"]
[BlackTitle "GM"]
[WhiteElo "2481"]
[BlackElo "2631"]
[WhiteFideId "4127820"]
[BlackFideId "24133795"]
[EventDate "2018.11.17"]

1. e4 c5 2. Nf3 d6 3. Bb5+ Nd7 4. d4 cxd4 5. Qxd4 a6 6. Bxd7+ Bxd7 7. Nc3 h6 8.
Nd5 Rc8 9. O-O e6 10. Nb6 Rxc2 11. Rd1 Nf6 12. Be3 Ng4 13. b3 Rc6 14. Nxd7 Qxd7
15. h3 Nxe3 16. Qxe3 Qc7 17. Nd4 Rc3 18. Rac1 Rxc1 19. Rxc1 Qd7 20. Qg3 g6 21.
Nf3 Be7 22. Qf4 Kf8 23. Qd2 Kg7 24. Qd4+ Kh7 25. Ne5 Qe8 26. Ng4 Qd8 27. Rd1 h5
28. Ne3 Qc7 29. Rd2 Rc8 30. Rc2 Qd8 31. Rxc8 Qxc8 32. g3 Qc6 33. h4 Kg8 34. a4
b5 35. axb5 axb5 36. Kh2 Bd8 37. Qd3 Bb6 38. Nd1 Qc5 39. Kg2 Qd4 40. Qf3 Qd2 41.
Nc3 Bxf2 42. Nxb5 Bc5+ 43. Kf1 Qc2 44. Nc7 Bd4 45. Nb5 Be5 46. Qe3 Qh2 0-1

[Event "14th Ugra Governor's Cup"]
[Site "Khanty-Mansiysk RUS"]
[Date "2018.11.20"]
[Round "4.4"]
[White "Ponkratov, Pavel"]
[Black "Iljiushenok, Ilia"]
[Result "1-0"]
[WhiteTitle "GM"]
[BlackTitle "GM"]
[WhiteElo "2628"]
[BlackElo "2539"]
[WhiteFideId "4157800"]
[BlackFideId "24105074"]
[EventDate "2018.11.17"]

1. e4 c6 2. d4 d5 3. e5 c5 4. dxc5 e6 5. Be3 Ne7 6. f4 Nd7 7. Bb5 Qa5+ 8. Nc3 a6
9. Bxd7+ Bxd7 10. Ne2 Nf5 11. Bg1 Bxc5 12. Qd2 Qb6 13. Bxc5 Qxc5 14. O-O-O Rc8
15. Ng3 Ne3 16. Nge4 Qb6 17. Nd6+ Ke7 18. Nxc8+ Rxc8 19. Qd4 Qxd4 20. Rxd4 Nxg2
21. f5 Ne3 22. fxe6 fxe6 23. Rg1 Nf5 24. Rf4 g6 25. Ne2 Bb5 26. Nd4 Bd3 27. c3
Rc7 28. Kd2 Be4 29. Ne2 Rc8 30. Ng3 Nxg3 31. Rxg3 b5 32. h4 a5 33. h5 Rb8 34.
hxg6 Bxg6 35. b3 Rb7 36. Kc1 Kd7 37. Kb2 Kc6 38. Rf6 Re7 39. Rg4 Kc5 40. Rf8 Rb7
41. a4 Bf5 42. Rf4 h5 43. axb5 Kxb5 44. Rh8 Rg7 45. Ra4 Rg2+ 46. Ka3 h4 47. Ra8
h3 48. R4xa5+ Kb6 49. R8a6+ Kb7 50. Kb4 h2 51. Ra7+ Kc8 52. Ra8+ Kd7 53. Kc5
h1=Q 54. R5a7# 1-0

[Event "14th Ugra Governor's Cup"]
[Site "Khanty-Mansiysk RUS"]
[Date "2018.11.20"]
[Round "4.5"]
[White "Timofeev, Artyom"]
[Black "Oganian, Miran"]
[Result "1-0"]
[WhiteTitle "GM"]
[BlackTitle "IM"]
[WhiteElo "2580"]
[BlackElo "2435"]
[WhiteFideId "4140419"]
[BlackFideId "4122488"]
[EventDate "2018.11.17"]

1. e4 c5 2. Nc3 d6 3. d4 cxd4 4. Qxd4 Nc6 5. Qd2 g6 6. b3 Bh6 7. f4 Nf6 8. Bb2
e5 9. g3 O-O 10. O-O-O Nd4 11. Kb1 Bg4 12. Rc1 d5 13. exd5 Nxd5 14. Nxd5 Qxd5
15. Bg2 Qd7 16. h3 Bf5 17. Ne2 Rfd8 18. Nxd4 exd4 19. Rhd1 Bg7 20. g4 Be6 21.
Qb4 Rab8 22. Rd3 Qc7 23. Qd2 Qc5 24. Rd1 Rbc8 25. Bxb7 Rc7 26. Be4 f5 27. gxf5
Bxf5 28. Bxf5 Qxf5 29. a4 h5 30. Rg1 Rdc8 31. Rc1 Rd8 32. Rg3 Qe4 33. Rcg1 Rd6
34. Qd3 Qxd3 35. Rxd3 Rf7 36. Bc1 Rf5 37. Rg5 Kf7 38. Rxf5+ gxf5 39. c4 Rg6 40.
Kc2 Rg2+ 41. Bd2 Ke6 42. Kd1 Bf6 43. b4 a5 44. bxa5 Kd6 45. a6 Kc5 46. Rb3 Rg8
47. Kc2 Kxc4 48. Rb4+ Kd5 49. a7 Ra8 50. Rb6 Be7 51. Kd3 Rxa7 52. Bb4 Bxb4 53.
Rxb4 Rg7 54. Rb5+ Kc6 55. Kxd4 Rg3 56. Rc5+ Kd6 57. Rc3 Rg1 58. Ra3 Re1 59. Kc4
Re4+ 60. Kb5 Rxf4 61. a5 Kc7 62. Rg3 Rf1 63. Rg5 h4 64. Rh5 Rb1+ 65. Kc5 Rc1+
66. Kb5 Rb1+ 67. Kc5 Rc1+ 68. Kd5 Ra1 69. Rxh4 Rxa5+ 70. Ke6 Ra6+ 71. Kxf5 Kd7
72. Re4 Ra8 73. Kf6 Rg8 74. h4 Rg1 75. Re5 Kd6 76. Rf5 Rg2 77. h5 Rh2 78. Kf7
Rh1 79. Rf6+ Kd7 1-0

[Event "14th Ugra Governor's Cup"]
[Site "Khanty-Mansiysk RUS"]
[Date "2018.11.20"]
[Round "4.6"]
[White "Rozum, Ivan"]
[Black "Savitskiy, Sergey"]
[Result "1-0"]
[WhiteTitle "GM"]
[BlackTitle "IM"]
[WhiteElo "2573"]
[BlackElo "2413"]
[WhiteFideId "24104272"]
[BlackFideId "24105660"]
[EventDate "2018.11.17"]

1. d4 Nf6 2. c4 g6 3. Nf3 Bg7 4. g3 O-O 5. Bg2 d6 6. Nc3 Nc6 7. O-O e5 8. dxe5
dxe5 9. Bg5 Be6 10. Qc1 Qc8 11. b3 Re8 12. Rd1 Bh3 13. Bxf6 Bxf6 14. Nd5 Bd8 15.
Qh6 Bxg2 16. Kxg2 Qf5 17. h4 f6 18. Rd2 Nd4 19. Nxd4 exd4 20. Rxd4 Rxe2 21. Qf4
c6 22. Qxf5 gxf5 23. Nf4 Re7 24. Nh5 Bc7 25. Rad1 Kf7 26. Kf3 Rae8 27. Nf4 Re4
28. Rd7+ R8e7 29. Ng2 Kg6 30. Ne3 Bb6 31. R1d3 Bxe3 32. Rxe7 Rxe7 33. fxe3 h5
34. Rd8 a6 35. a4 Re5 36. Rd6 Re7 37. Ke2 Re4 38. a5 Re7 39. b4 Kf7 40. Kd3 Re6
41. Rd7+ Re7 42. Rxe7+ Kxe7 43. Kd4 Kd6 44. e4 Ke6 45. Ke3 fxe4 46. Kxe4 f5+ 47.
Kf4 c5 48. bxc5 Kf6 49. c6 bxc6 50. c5 Ke6 51. Kg5 Kd5 1-0

[Event "14th Ugra Governor's Cup"]
[Site "Khanty-Mansiysk RUS"]
[Date "2018.11.20"]
[Round "4.7"]
[White "Belyakov, Bogdan"]
[Black "Pridorozhni, Aleksei"]
[Result "1/2-1/2"]
[WhiteTitle "IM"]
[BlackTitle "GM"]
[WhiteElo "2458"]
[BlackElo "2574"]
[WhiteFideId "24104795"]
[BlackFideId "4127870"]
[EventDate "2018.11.17"]

1. e4 c6 2. d4 d5 3. Nc3 dxe4 4. Nxe4 Bf5 5. Ng3 Bg6 6. Bc4 e6 7. N1e2 Bd6 8. h4
h6 9. Nf4 Bxf4 10. Bxf4 Nf6 11. h5 Bh7 12. Qe2 Nbd7 13. O-O-O O-O 14. Bd3 Bxd3
15. Rxd3 Qa5 16. Kb1 Rfe8 17. Ne4 Nxe4 18. Qxe4 Qd5 19. Qe1 a5 20. Qc1 Kh7 21.
g4 b5 22. g5 hxg5 23. Bxg5 b4 24. Rg1 a4 25. Rdg3 Rg8 26. Qe3 c5 27. Qd3+ f5 28.
dxc5 Qxd3 29. cxd3 Nxc5 30. Be7 Rac8 31. Bd6 b3 32. Be5 Rcd8 33. axb3 axb3 34.
d4 Ne4 35. R3g2 Nd2+ 36. Kc1 Nc4 37. Rxg7+ Rxg7 38. Rxg7+ Kh6 39. Rb7 Nxe5 40.
dxe5 Rd3 41. Rb6 Kxh5 42. Rxe6 Rf3 43. Kd2 Rxf2+ 44. Kc3 Re2 45. Kxb3 f4 46. Kc3
Kg4 47. b4 Kf5 48. Re8 Rxe5 49. Rxe5+ Kxe5 1/2-1/2

[Event "14th Ugra Governor's Cup"]
[Site "Khanty-Mansiysk RUS"]
[Date "2018.11.20"]
[Round "4.8"]
[White "Potapov, Pavel"]
[Black "Lugovskoy, Maxim"]
[Result "1/2-1/2"]
[WhiteTitle "GM"]
[BlackTitle "GM"]
[WhiteElo "2515"]
[BlackElo "2428"]
[WhiteFideId "4169786"]
[BlackFideId "24126454"]
[EventDate "2018.11.17"]

1. d4 d5 2. c4 e6 3. Nc3 Nf6 4. Nf3 Be7 5. cxd5 exd5 6. Bg5 c6 7. Qc2 O-O 8. e3
Nbd7 9. Bd3 Re8 10. O-O Nf8 11. h3 g6 12. Rae1 Ne6 13. Bh4 Ng7 14. Ne5 Bf5 15.
Bg5 Bxd3 16. Qxd3 Ne6 17. Bh4 Ng7 18. Bg5 Ne6 19. Bh4 Ng7 20. Bg5 1/2-1/2

[Event "14th Ugra Governor's Cup"]
[Site "Khanty-Mansiysk RUS"]
[Date "2018.11.20"]
[Round "4.9"]
[White "Anikonov, Dmitry"]
[Black "Drygalov, Andrey"]
[Result "0-1"]
[WhiteTitle "FM"]
[BlackTitle "IM"]
[WhiteElo "2382"]
[BlackElo "2497"]
[WhiteFideId "24178012"]
[BlackFideId "24171735"]
[EventDate "2018.11.17"]

1. d4 Nf6 2. c4 g6 3. g3 c6 4. Bg2 d5 5. Qa4 Bg7 6. cxd5 Nxd5 7. Nf3 O-O 8. O-O
Bg4 9. Rd1 Nb6 10. Qc2 Na6 11. a3 Qc8 12. Bg5 Re8 13. Nc3 c5 14. d5 c4 15. Nd4
Nc5 16. Be3 Bd7 17. a4 a5 18. Ncb5 Nbxa4 19. Rxa4 Bxd4 20. Rxd4 Bxb5 21. Raxc4
Bxc4 22. Rxc4 b6 23. d6 exd6 24. Bxa8 Qxa8 25. b4 d5 26. Rh4 Ne4 27. bxa5 bxa5
28. Qc7 Qd8 29. Qa7 Re7 30. Qd4 Re6 31. Bh6 Qf6 32. Qa7 Re8 33. Rf4 Qe6 34. Qd4
Qe5 35. Qa7 Nd6 36. Qd7 Qe6 37. Qa4 Nf5 38. Bg5 h6 39. Bf6 Qxe2 40. Qxa5 Rc8 41.
Qa1 Re8 42. Qa7 Qe6 43. Bc3 Qc6 44. Bd4 h5 45. Qa1 Qe6 46. h4 Qe1+ 47. Kg2 Qxa1
48. Bxa1 Rd8 49. Bf6 Rd6 50. Be5 Re6 51. Bc3 Rc6 52. Rf3 Rb6 53. Ba1 Ra6 54. Bb2
Kf8 55. Rd3 Ra5 56. Rb3 Ke7 57. Rb7+ Ke6 58. Rb6+ Nd6 59. Bd4 Kd7 60. Rb8 Ra6
61. Be5 Nf5 62. Rf8 Ke7 63. Rb8 Rc6 64. Rb4 Rc2 65. Kf3 Ke6 66. Bf4 Rc3+ 67. Ke2
Rc6 68. Be3 Nd6 69. Rb6 Rxb6 70. Bxb6 f6 71. f3 Kf5 72. Kd3 Nc4 73. Bd4 g5 74.
hxg5 fxg5 75. Ke2 g4 76. Bc3 gxf3+ 77. Kxf3 Ne5+ 78. Ke3 Nc6 79. Bd2 Kg4 80. Be1
Ne7 81. Kd4 Nf5+ 82. Kxd5 Nxg3 83. Bf2 Kf3 84. Bg1 Kg2 0-1